000 nam a22 7a 4500
999 _c6827
_d6827
003 yeezen
005 20180502112736.0
008 180502b xxu||||| |||| 00| 0 chi d
020 _a978-986-86194-4-9
082 _a575.33
245 _a進擊-吳志揚的YUONG BOOK
_c吳志揚
250 _a初版
260 _a新北市
_b聯合晚報
_c2018.02
942 _2ccl
_cBOOK